LEADER 01304nam2 22003013i 450 001 RMG0024520 005 20251003044336.0 010 $a8814061459 100 $a20210409d1997 ||||0itac50 ba 101 | $aita 102 $ait 181 1$6z01$ai $bxxxe 182 1$6z01$an 183 1$6z01$anc$2RDAcarrier 200 1 $aˆ1: ‰Commenti 210 $aMilano$cGiuffrè$d©1997 215 $aLIV, 601 p.$d25 cm. 462 1$1001RMG0024519$12001 $aˆI ‰contratti collettivi di comparto$eministeri, enti pubblici non economici, regioni, autonomie locali, aziende ed amministrazioni autonome dello Stato, sanita, scuola, universita, istituzioni ed enti di ricerca$v1 676 $a344.018$9$v20 676 $a344.45018904135$9DIRITTO DEL LAVORO. CONTRATTAZIONE COLLETTIVA E VERTENZE SINDACALI. AMMINISTRAZIONE PUBBLICA. ITALIA$v21 702 1$aCarinci$b, Franco$3CFIV004288 801 3$aIT$bIT-000000$c20210409 850 $aIT-BN0095 $aIT-AV0007 $aIT-NA0438 912 $aRMG0024520 950 2$aBiblioteca Centralizzata di Ateneo$cv. 1 in 3 tomi - 2 in 2 tomi$d 01GUERRAZZI C 0169$e 0101 0000095405 VMA (2.1 v. [2.1]$fA $h20080130$i20080130 977 $a 01$a AV$a BD 996 $aCommenti$91401988 997 $aUNISANNIO